| 000 | 00614cam a2200193 4500 | ||
|---|---|---|---|
| 005 | 20250708111131.0 | ||
| 008 | 030910s1994 ag 000 0 spa u | ||
| 020 | _a9506791384 | ||
| 050 | 0 | 4 |
_aRA1121 _bB37 1994 |
| 100 | 1 | _aBasile, Alejandro A. | |
| 245 | 1 | 0 |
_aLesiones _b : aspectos médico-legales _c / Alejandro A. Basile. |
| 250 | _a1a ed. | ||
| 260 |
_aBuenos Aires : _bUniversidad Sociedad de Responsabilidad Limitada, _c1994. |
||
| 300 |
_a318 p. : _bil. ; _c23 cm. |
||
| 504 | _aBibliografĂa : p. 311-318 | ||
| 650 | 7 | _aLesiones personales | |
| 650 | 7 |
_2lemb _aMedicina legal |
|
| 942 |
_2lcc _cLIB |
||
| 999 |
_c133809 _d133809 |
||